Makalah undang-undang menghormati Ahmad Ibrahim / (Record no. 1859)

000 -LEADER
fixed length control field nam a22 a 4500
003 - CONTROL NUMBER IDENTIFIER
control field AKMAL
005 - DATE AND TIME OF LATEST TRANSACTION
control field 20170512104156.0
008 - FIXED-LENGTH DATA ELEMENTS--GENERAL INFORMATION
fixed length control field 170512s1988 my a00 may d
020 ## - INTERNATIONAL STANDARD BOOK NUMBER
International Standard Book Number 9836203419
040 ## - CATALOGING SOURCE
Original cataloging agency AKMAL
082 04 - DEWEY DECIMAL CLASSIFICATION NUMBER
Classification number 342.595 MAK
090 ## - LOCALLY ASSIGNED LC-TYPE CALL NUMBER (OCLC); LOCAL CALL NUMBER (RLIN)
Classification number (OCLC) (R) ; Classification number, CALL (RLIN) (NR) 342.595
Local cutter number (OCLC) ; Book number/undivided call number, CALL (RLIN) MAK
245 ## - TITLE STATEMENT
Title Makalah undang-undang menghormati Ahmad Ibrahim /
Statement of responsibility, etc. Fakulti Undang-Undang, Universiti Malaya
260 ## - PUBLICATION, DISTRIBUTION, ETC.
Place of publication, distribution, etc. Kuala Lumpur :
Name of publisher, distributor, etc. Dewan Bahasa dan Pustaka,
Date of publication, distribution, etc. 1988
300 ## - PHYSICAL DESCRIPTION
Extent xxix, 263ms. :
Other physical details gf. ;
Dimensions 22cm
650 ## - SUBJECT ADDED ENTRY--TOPICAL TERM
Topical term or geographic name entry element Law
General subdivision Addresses, essays, lectures
Geographic subdivision Malaysia
9 (RLIN) 3856
650 ## - SUBJECT ADDED ENTRY--TOPICAL TERM
Topical term or geographic name entry element Islamic law
Geographic subdivision Malaysia
9 (RLIN) 2005
942 ## - ADDED ENTRY ELEMENTS (KOHA)
Source of classification or shelving scheme
Koha item type Book
Holdings
Withdrawn status Lost status Source of classification or shelving scheme Damaged status Not for loan Collection code Home library Current library Shelving location Date acquired Inventory number Total Checkouts Full call number Barcode Date last seen Price effective from Koha item type
          NON-FICTION AKMAL Melaka AKMAL Melaka PINJAMAN 12.05.2017 900185   342.595 MAK 201705850 12.05.2017 12.05.2017 Book
Pusat Sumber Maklumat Dato' Haji Sarmin Md Hussin, Akademi Kastam Diraja Malaysia, Melaka
Tel: 06-2331106 | Faks: 06-2313787